Lectures on exponential decay of solutions of second-order elliptic equations : bounds on eigenfunctions of N-body Schrödinger operators /
Guardado en:
| Autor Principal: | |
|---|---|
| Formato: | Libro |
| Idioma: | English |
| Publicado: |
Princeton, N.J. : [Tokyo] :
Princeton University Press ; University of Tokyo Press,
1982.
|
| Series: | Mathematical notes (Princeton University Press) ;
29. |
| Materias: | |
| Etiquetas: |
Agregar Etiqueta
Sin Etiquetas, Sea el primero en etiquetar este registro!
|
| LEADER | 01011cam a2200253 a 4500 | ||
|---|---|---|---|
| 001 | MAT.inmabb004701 | ||
| 008 | 820726s1982####nju######b####000#0#eng## | ||
| 005 | 20130225103202.0 | ||
| 245 | 1 | 0 | |a Lectures on exponential decay of solutions of second-order elliptic equations : |b bounds on eigenfunctions of N-body Schrödinger operators / |c by Shmuel Agmon. |
| 260 | |a Princeton, N.J. : |b Princeton University Press ; |a [Tokyo] : |b University of Tokyo Press, |c 1982. | ||
| 300 | |a 118 p. ; |c 24 cm. | ||
| 490 | 1 | |a Mathematical notes ; |v 29 | |
| 504 | |a Bibliografía: p. 115-118. | ||
| 510 | 4 | |a MR, |c 85f:35019 | |
| 020 | |a 0691083185 (pbk.) | ||
| 100 | 1 | |a Agmon, Shmuel, |d 1922- | |
| 830 | 0 | |a Mathematical notes (Princeton University Press) ; |v 29. | |
| 650 | 0 | |a Differential equations, Elliptic |x Numerical solutions. | |
| 650 | 0 | |a Schrödinger operator. | |
| 650 | 0 | |a Eigenfunctions. | |
| 084 | |a 35B40 (35J10 35P99) |2 msc2000 | ||
| 010 | |a 82014978 | ||
| 040 | |a DLC |c DLC |d DLC | ||
| 859 | |h 35 |i Ag269d |p A-6093 |b BIB. MATEMATICA | ||
